[Event "BCF-chT3 0102 (4NCL)"]
[Site "Birmingham"]
[Date "2001.09.23"]
[Round "2.7"]
[White "Kelly, Paul J"]
[Black "Smyth, Martyn"]
[Result "1-0"]
[WhiteElo "1872"]
[BlackElo "1960"]
[PlyCount "41"]
[EventDate "2001.09.??"]
[EventType "team"]
[EventRounds "11"]
[EventCountry "ENG"]
[SourceTitle "EXT 2003"]
[Source "ChessBase"]
[SourceDate "2002.11.25"]
[SourceVersion "1"]
[SourceVersionDate "2002.11.25"]
[SourceQuality "1"]
[WhiteTeam "Mindsports"]
[BlackTeam "Warwicks Select II"]
[WhiteTeamCountry "ENG"]
[BlackTeamCountry "ENG"]

1. e4 c5 2. Nf3 d6 3. c3 e6 4. d4 Be7 5. Bd3 Nd7 6. 0-0 e5 7. dxe5 dxe5 8. Qe2 Ngf6 9. Na3 a6 10. Nc4 Qc7 11. a4 b6 12. Ne3 g6 13. Rd1 Bb7 14. Nd2 0-0 15. f3 Nh5 16. g3 f5 17. exf5 Bg5 18. fxg6 e4 19. Nxe4 Bxe3+ 20. Bxe3 Rae8 21. Bh6 1-0

[Event "BCF-chT3d 0001 (4NCL) Demotion pool"]
[Site "Birmingham"]
[Date "2001.03.18"]
[Round "8.3"]
[White "Smyth, Martyn"]
[Black "Grossett, Duncan"]
[Result "1-0"]
[WhiteElo "1984"]
[BlackElo "1952"]
[PlyCount "67"]
[EventDate "2000.11.26"]
[EventType "team-tourn"]
[EventRounds "4"]
[EventCountry "ENG"]
[SourceTitle "EXT 2002"]
[Source "ChessBase"]
[SourceDate "2001.11.25"]
[SourceVersion "1"]
[SourceVersionDate "2001.11.25"]
[SourceQuality "1"]
[WhiteTeam "Warwicks Select"]
[BlackTeam "Bristol III"]
[WhiteTeamCountry "ENG"]
[BlackTeamCountry "ENG"]

1. d4 Nf6 2. Nf3 g6 3. c4 Bg7 4. Nc3 0-0 5. e4 d6 6. Be2 e5 7. dxe5 dxe5 8. Be3 Qe7 9. Qc2 c6 10. Rd1 Na6 11. a3 Ng4 12. Bg5 f6 13. Bc1 f5 14. b4 Nc7 15. c5 Ne6 16. Bc4 Kh8 17. h3 Nd4 18. Nxd4 exd4 19. hxg4 dxc3 20. gxf5 gxf5 21. Be3 Qxe4 22. Qe2 Qg4 23. f3 Qg6 24. Rd6 Qg3+ 25. Bf2 Qg5 26. f4 Qg4 27. Qe7 Be6 28. Bxe6 Qxf4 29. Qh4 Qe5+ 30. Kf1 h6 31. Bd4 c2 32. Qxh6+ Bxh6 33. Bxe5+ Kh7 34. Bf4 1-0